|
|
|
|
| LEADER |
00000nam a22000007a 4500 |
| 005 |
20120906132938.0 |
| 007 |
cr|||| |||| |
| 008 |
120906s2010 it |||||s|||| 00||0 ita d |
| 020 |
|
|
|a 9788861325708
|
| 035 |
|
|
|a 6609
|
| 040 |
|
|
|a vLex
|
| 090 |
|
|
|c 3376
|d 3376
|
| 100 |
1 |
|
|a Tramontano, Luigi
|
| 245 |
1 |
0 |
|a Compendio di Diritto Ecclesiastico
|h [Recurso electrn̤ico] /
|c Luigi Tramontano
|
| 256 |
|
|
|a Servicio en ln̕ea
|
| 260 |
|
|
|a Piacenza :
|b Casa Editrice La Tribuna,
|c 2010
|
| 300 |
|
|
|a 1 recurso electrn̤ico
|
| 506 |
1 |
|
|a Contenido solo disponible en los productos indicados
|d vLex Global
|d vLex Global (Academic Edition, excluding Law Schools)
|d vLex Global (U.S. Academic Edition, Law Schools)
|d vLex Global (U.S. Academic Edition, excluding Law Schools)
|d vLex Global (Academic Edition, Law Schools)
|
| 650 |
0 |
4 |
|a Derecho eclesis̀tico
|z Italia
|
| 740 |
0 |
|
|a vLex Libros (Servicio en ln̕ea)
|
| 856 |
4 |
0 |
|u http://vlex.com/source/compendio-diritto-ecclesiastico-6609
|z Acceso restringido
|
| 942 |
|
|
|c BOOK
|
| 999 |
0 |
|
|a Ecclesiastical law
|